Možnosti žiadať flexibilné formy práce

Zamestnanci prejavujú zvýšený záujem o výkon práce v rámci flexibilných, atypických foriem práce, ktoré sú súčasťou Zákonníka práce. Zmeny v oblasti flexibilných foriem práce rieši aj novela zákonníka práce, ktorá sa nachádza v legislatívnom procese. Zákon, v prípade jeho schválenia, by mal nabrať ú...

Celý popis

Uložené v:
Podrobná bibliografia
Hlavný autor: Hamuľák, Mikuláš
Médium: Kapitola
Jazyk:Slovak
Predmet:
Tagy: Pridať tag
Žiadne tagy, Buďte prvý, kto otaguje tento záznam!

MARC

LEADER 00000naa a2200000 4500
001 0288105
005 20240417075215.6
041 0 |a slo 
044 |a SK 
245 1 0 |a Možnosti žiadať flexibilné formy práce  |c Mikuláš Hamuľák 
520 |a Zamestnanci prejavujú zvýšený záujem o výkon práce v rámci flexibilných, atypických foriem práce, ktoré sú súčasťou Zákonníka práce. Zmeny v oblasti flexibilných foriem práce rieši aj novela zákonníka práce, ktorá sa nachádza v legislatívnom procese. Zákon, v prípade jeho schválenia, by mal nabrať účinnosť od 1. októbra 2022. 
610 2 0 |a právo 
610 2 0 |a legislatíva 
610 2 0 |a zákony 
610 2 0 |a zmennosť 
610 2 0 |a parlamenty 
610 2 0 |a novelizácia 
610 2 0 |a práca 
610 2 0 |a zamestnanci 
100 1 |a Hamuľák, Mikuláš